Statistiques concernant Wimbledon : Palmarès Femmes

Cliquez ici pour prendre le quiz!

Statistiques générales

  • Ce quiz a été pris 137 fois
    (73 depuis la dernière actualisation)
  • Le résultat moyen est 39 sur 52

Statistiques - réponses

AnnéeFemmes% Correct
2002Serena Williams
98%
2012Serena Williams
98%
2003Serena Williams
98%
2009Serena Williams
98%
2010Serena Williams
98%
2015Serena Williams
98%
2016Serena Williams
98%
2000Venus Williams
98%
2008Venus Williams
98%
2007Venus Williams
98%
2005Venus Williams
98%
2001Venus Williams
98%
2013Marion Bartoli
85%
1989Steffi Graf
85%
1991Steffi Graf
85%
1992Steffi Graf
85%
1995Steffi Graf
85%
1988Steffi Graf
85%
1996Steffi Graf
85%
1993Steffi Graf
85%
2004Maria Sharapova
84%
1979Martina Navratilova
82%
1982Martina Navratilova
82%
1985Martina Navratilova
82%
1983Martina Navratilova
82%
1984Martina Navratilova
82%
1978Martina Navratilova
82%
1990Martina Navratilova
82%
1987Martina Navratilova
82%
1986Martina Navratilova
82%
2006Amélie Mauresmo
76%
1981Chris Evert
75%
1976Chris Evert
75%
1974Chris Evert
75%
2019Simona Halep
71%
1997Martina Hingis
65%
2018Angelique Kerber
58%
2017Garbiñe Muguruza
56%
2011Petra Kvitova
56%
2014Petra Kvitova
56%
1973Billie Jean King
55%
1975Billie Jean King
55%
1972Billie Jean King
55%
1968Billie Jean King
55%
1999Lindsay Davenport
55%
1980Evonne Goolagong
45%
1971Evonne Goolagong
45%
1970Margaret Smith Court
45%
1994Conchita Martinez
38%
1977Virginia Wade
33%
1998Jana Novotna
27%
1969Ann Haydon-Jones
4%

Distribution des résultats

Percentile par nombre de réponses

% des personnes avec chaque résultat

Votre développement - résultats

Vous n’avez pas pris ce quiz depuis la dernière actualisation